00926nam a2200241Ia 4500003000400000005001700004008004100021020001500062040001800077041000800095082002300103100003000126245008900156250001200245260006600257300002700323650004400350650002900394650003400423942003600457999001900493952017200512OSt20241021113751.0210716s2004 xx 000 0 und d a0070583161 cAIMIT LIBRARY aeng a005.1332 21bPETC aPetzold, Charles.9182813 aProgramming in the key of c#:bprimer for aspiring programmers /cBy Charles Petzold a1st ed. aNew Delhi :bTata McGraw Hill Publishing Company Ltd ;c2004. aix,418p. ;bPBc24 cm. aIntegers and the .net framework9182814 aFancy formatting9182815 aBits and enumerations9182816 2ddccBKe1st ed.k005.1332 PETC c186010d186010 00102ddc40708MCAaAIMITbAIMITePremier Bookshopg495.00iB.no:355/Dec/2003; Bdt:2003-12-2l0o005.1332 PETCpMCA05518r2025-07-21 00:00:00v396.00w2021-07-16yBK